01464 a2200205 45000010006000000050017000060080041000230030015000640400040000790800022001192450039001410200022001802500012002022640033002143000024002475050822002710410008010931000027011018560130011281605520260407155454.0260407a2005 arg spa dAR-UNSa-BCEJYS aAR-UNSa-BCEJYSbspacAR-UNSa-BCEJYS a657xContabilidad10aCuestiones contables fundamentales a978-987-03-0537-8 a4a. ed. 1aBuenos Aires :bLa Leyc2005 alxi, 784 p.c24 cm. a1. Contabilidad e información contable - 2. Requisitos de la información contable - 3. Elementos de los estados contables - 4. Costos - 5. Interés del capital propio y costos financieros - 6. Valores descontados y valores corrientes - 7. Valores recuperables y costos de cancelación - 8. Unidad de medida, ajustes por inflación y conversiones - 9. Reconocimiento y medición de variaciones patrimoniales - 10. Aplicaciones del concepto de devengamiento - 11. Los modelos contables - 12. Estados contables - 13. Informes contables internos - 14. Normas contables - 15. Amortización internacional de las normas contables - 16. Normas internacionales de información financiera - 17. Normas contables profesionales argentinas - 18. Normas contables legales argentinas - 19. Normas contables estadounidenses aspa1 aFowler Newton, Enrique41uhttps://biblioeco.unsa.edu.ar/pmb/images/libros/Cuestiones contables fundamentales-l116491.jpgyImagen de portadaqimage/jpeg